[Event "GER-chT U20 Girls"]
[Site "Borken"]
[Date "2016.12.29"]
[Round "5.3"]
[White "Fromm, Katja"]
[Black "Leinemann, Vivien Sophie"]
[Result "1/2-1/2"]
[WhiteElo "1719"]
[BlackElo "1588"]
[PlyCount "109"]
[EventDate "2016.12.27"]
[EventType "team-swiss"]
[EventRounds "7"]
[EventCountry "GER"]
[SourceTitle "EXT 2018"]
[Source "ChessBase"]
[SourceDate "2017.10.13"]
[SourceVersion "1"]
[SourceVersionDate "2017.10.13"]
[SourceQuality "1"]
[WhiteTeam "Muldental Wilkau Hasslau"]
[BlackTeam "Hamburger SK"]
[WhiteTeamCountry "GER"]
[BlackTeamCountry "GER"]

1. d4 Nf6 2. c4 e6 3. Nf3 b6 4. Nc3 Bb4 5. Bg5 h6 6. Bxf6 Qxf6 7. e4 Bb7 8. Bd3 c5 9. 0-0 Bxc3 10. bxc3 0-0 11. Qb3 d6 12. Rad1 Nc6 13. Qb2 e5 14. d5 Na5 15. Qe2 Ba6 16. Nd2 Qe7 17. Nb3 Nxb3 18. axb3 Bc8 19. Ra1 Qb7 20. f4 f6 21. f5 Bd7 22. Qe3 Be8 23. Rf3 Qf7 24. Rg3 Kh7 25. Be2 Qe7 26. Rh3 Rg8 27. b4 Qb7 28. g4 g5 29. Qf2 Rc8 30. b5 Kg7 31. Kg2 Rh8 32. Bd1 Bf7 33. Re3 Rcd8 34. h3 Rc8 35. Re1 Rcd8 36. Rh1 Rc8 37. Bf3 Rcd8 38. Ra3 Rc8 39. Kf1 Rcd8 40. Ra2 Rc8 41. Qc2 Rcd8 42. Qa4 Rd7 43. Kg2 Rc7 44. Rha1 Ra8 45. Qa6 Rd7 46. Qa4 Rc7 47. Ra3 Rd7 48. Rh1 Rh8 49. Ra2 Rc7 50. Kg3 Rd7 51. Qa3 Rc7 52. Raa1 Rd7 53. Qa2 Rc7 54. h4 Qb8 55. Rh3 1/2-1/2

[Event "GER-chT U20 Girls"]
[Site "Borken"]
[Date "2016.12.28"]
[Round "4.3"]
[White "Fromm, Katja"]
[Black "Manusina, Nicole"]
[Result "0-1"]
[WhiteElo "1719"]
[BlackElo "1909"]
[PlyCount "82"]
[EventDate "2016.12.27"]
[EventType "team-swiss"]
[EventRounds "7"]
[EventCountry "GER"]
[SourceTitle "EXT 2018"]
[Source "ChessBase"]
[SourceDate "2017.10.13"]
[SourceVersion "1"]
[SourceVersionDate "2017.10.13"]
[SourceQuality "1"]
[WhiteTeam "Muldental Wilkau Hasslau"]
[BlackTeam "Lehrte"]
[WhiteTeamCountry "GER"]
[BlackTeamCountry "GER"]

1. d4 d5 2. c4 dxc4 3. Nf3 Nf6 4. g3 c5 5. Nc3 e6 6. Bg5 Be7 7. dxc5 0-0 8. Bg2 Qa5 9. 0-0 h6 10. Be3 Nc6 11. Qa4 Qxa4 12. Nxa4 Nd5 13. Bd4 Nxd4 14. Nxd4 Bd7 15. Nc3 Bxc5 16. Nxd5 exd5 17. e3 Bxd4 18. exd4 Be6 19. Rfe1 b5 20. Re5 Rad8 21. a3 a5 22. f4 g6 23. Kf2 Rd6 24. Re3 Rc8 25. Ke2 Kg7 26. Kd2 Rdc6 27. Kc3 b4+ 28. axb4 axb4+ 29. Kd2 c3+ 30. bxc3 bxc3+ 31. Kc1 Rb6 32. Ra3 Bf5 33. Rexc3 Rxc3+ 34. Rxc3 Rb1+ 35. Kd2 Rb2+ 36. Ke1 Rxg2 37. h4 Be4 38. Re3 Ra2 39. Re2 Rxe2+ 40. Kxe2 h5 41. Kf2 Kf6 0-1

[Event "GER-chT U20 Girls"]
[Site "Borken"]
[Date "2016.12.27"]
[Round "1.3"]
[White "Fromm, Katja"]
[Black "Peglau, Charis"]
[Result "1-0"]
[WhiteElo "1719"]
[BlackElo "1322"]
[PlyCount "115"]
[EventDate "2016.12.27"]
[EventType "team-swiss"]
[EventRounds "7"]
[EventCountry "GER"]
[SourceTitle "EXT 2018"]
[Source "ChessBase"]
[SourceDate "2017.10.13"]
[SourceVersion "1"]
[SourceVersionDate "2017.10.13"]
[SourceQuality "1"]
[WhiteTeam "Muldental Wilkau Hasslau"]
[BlackTeam "Bannewitz"]
[WhiteTeamCountry "GER"]
[BlackTeamCountry "GER"]

1. d4 Nf6 2. c4 c5 3. e3 Nc6 4. Nf3 d6 5. Nc3 g6 6. Be2 Bg7 7. 0-0 0-0 8. b3 Bf5 9. Bb2 Qc7 10. Bd3 cxd4 11. Nb5 Qd7 12. Nbxd4 Bxd3 13. Qxd3 e5 14. Nxc6 e4 15. Nce5 dxe5 16. Qxd7 Nxd7 17. Rfd1 exf3 18. Rxd7 fxg2 19. Rad1 b6 20. Rb7 Rfb8 21. Rdd7 Rxb7 22. Rxb7 f6 23. Ba3 Bh6 24. Kxg2 f5 25. Kf3 e4+ 26. Ke2 g5 27. Bd6 Bg7 28. Bb8 h5 29. h3 h4 30. f3 exf3+ 31. Kxf3 Bf8 32. a4 Bc5 33. Bxa7 Re8 34. Rb8 Rxb8 35. Bxb8 Kf7 36. e4 fxe4+ 37. Kxe4 Kg6 38. Be5 Bb4 39. Bd4 Ba5 40. Bb2 Bb4 41. Be5 Bc5 42. Bc3 Kh5 43. Kf5 Be3 44. b4 Bf4 45. Bd4 Bc7 46. c5 Bb8 47. cxb6 g4 48. hxg4+ Kh6 49. Be3+ Kg7 50. Bf4 Bxf4 51. Kxf4 Kf6 52. b7 h3 53. b8Q h2 54. Qh8+ Ke6 55. Qxh2 Kd5 56. Qd2+ Ke6 57. Qd4 Ke7 58. Ke5 1-0

[Event "GER-chT U20 Girls"]
[Site "Borken"]
[Date "2016.12.27"]
[Round "2.3"]
[White "Mangei, Jasmin"]
[Black "Fromm, Katja"]
[Result "1-0"]
[WhiteElo "1893"]
[BlackElo "1719"]
[PlyCount "59"]
[EventDate "2016.12.27"]
[EventType "team-swiss"]
[EventRounds "7"]
[EventCountry "GER"]
[SourceTitle "EXT 2018"]
[Source "ChessBase"]
[SourceDate "2017.10.13"]
[SourceVersion "1"]
[SourceVersionDate "2017.10.13"]
[SourceQuality "1"]
[WhiteTeam "Karlsruhe SF"]
[BlackTeam "Muldental Wilkau Hasslau"]
[WhiteTeamCountry "GER"]
[BlackTeamCountry "GER"]

1. e4 c6 2. d4 d5 3. Nc3 dxe4 4. Nxe4 Nd7 5. Nf3 Ngf6 6. Bd3 Nxe4 7. Bxe4 Nf6 8. Bd3 Bg4 9. c3 e6 10. Bf4 Bd6 11. Bg3 0-0 12. Qe2 b5 13. Bxd6 Qxd6 14. Qe5 Qe7 15. Qg3 Bxf3 16. Qxf3 Rac8 17. 0-0 b4 18. Rfe1 Rfd8 19. Rad1 a5 20. Bc2 bxc3 21. bxc3 Qa7 22. Rb1 c5 23. Rb7 Qa6 24. dxc5 Rxc5 25. Reb1 Rdc8 26. Bd3 Qd6 27. c4 Qe5 28. Ra7 R5c7 29. Ra8 Rc6 30. Qxc6 1-0

[Event "GER-chT U14 Girls"]
[Site "Magdeburg"]
[Date "2015.12.29"]
[Round "5.1"]
[White "Kunisch, Nina"]
[Black "Fromm, Katja"]
[Result "0-1"]
[WhiteElo "1513"]
[BlackElo "1737"]
[PlyCount "100"]
[EventDate "2015.12.27"]
[EventType "team-swiss"]
[EventRounds "7"]
[EventCountry "GER"]
[SourceTitle "EXT 2017"]
[Source "ChessBase"]
[SourceDate "2016.10.25"]
[SourceVersion "1"]
[SourceVersionDate "2016.10.25"]
[SourceQuality "1"]
[WhiteTeam "Neumarkt"]
[BlackTeam "Muldental Wilkau Hasslau"]
[WhiteTeamCountry "GER"]
[BlackTeamCountry "GER"]

1. e4 c6 2. Nc3 d5 3. Nf3 Bg4 4. Be2 Bxf3 5. Bxf3 e6 6. g3 Nf6 7. d3 Nbd7 8. Bd2 Be7 9. 0-0 0-0 10. exd5 exd5 11. Bf4 Re8 12. Re1 Nc5 13. b3 Ne6 14. Bc1 Bb4 15. Bd2 Nd4 16. Rxe8+ Qxe8 17. Bg2 Bxc3 18. Bxc3 Ne2+ 19. Kh1 Nxc3 20. Qd2 Nb5 21. c4 Nc7 22. Re1 Qd7 23. Qb4 Re8 24. Rf1 Na6 25. Qc3 dxc4 26. dxc4 Nc7 27. Kg1 Rd8 28. h3 Ne6 29. Qe3 Qd4 30. Qc1 Ne4 31. Qa3 Nxg3 32. Re1 h6 33. b4 Nf5 34. c5 a6 35. Qb3 Qd3 36. Qb2 Qd2 37. Qb1 Ne7 38. a3 Nd5 39. Rf1 Ndf4 40. Qe4 Nxg2 41. Qxg2 Qg5 42. Qxg5 Nxg5 43. Kg2 Rd3 44. h4 Ne6 45. a4 Rb3 46. b5 axb5 47. axb5 Rxb5 48. Ra1 Rxc5 49. Ra8+ Kh7 50. h5 Rxh5 0-1

[Event "GER-chT U14 Girls"]
[Site "Magdeburg"]
[Date "2015.12.27"]
[Round "2.1"]
[White "Reinecke, Katharina"]
[Black "Fromm, Katja"]
[Result "1/2-1/2"]
[WhiteElo "1804"]
[BlackElo "1737"]
[PlyCount "87"]
[EventDate "2015.12.27"]
[EventType "team-swiss"]
[EventRounds "7"]
[EventCountry "GER"]
[SourceTitle "EXT 2017"]
[Source "ChessBase"]
[SourceDate "2016.10.25"]
[SourceVersion "1"]
[SourceVersionDate "2016.10.25"]
[SourceQuality "1"]
[WhiteTeam "Langen"]
[BlackTeam "Muldental Wilkau Hasslau"]
[WhiteTeamCountry "GER"]
[BlackTeamCountry "GER"]

1. d4 Nf6 2. c4 e6 3. Nf3 d5 4. g3 dxc4 5. Bg2 Bd7 6. Ne5 Bc6 7. Nxc6 Nxc6 8. Qa4 Qd7 9. Qxc4 Nd5 10. 0-0 0-0-0 11. e3 h5 12. Nc3 Nb6 13. Qe2 h4 14. Bd2 f5 15. Rac1 a6 16. a3 hxg3 17. fxg3 g5 18. b4 f4 19. b5 axb5 20. Nxb5 Kb8 21. gxf4 gxf4 22. Rxf4 e5 23. Rg4 exd4 24. Nxd4 Nxd4 25. Rxd4 Bd6 26. h4 Rdf8 27. Qg4 Qxg4 28. Rxg4 Bxa3 29. Rf1 Rxf1+ 30. Kxf1 Be7 31. Be1 Rf8+ 32. Ke2 Bf6 33. Rf4 Bg7 34. Rxf8+ Bxf8 35. Bg3 Bh6 36. h5 Nd7 37. Bf4 Bg7 38. h6 Bf6 39. h7 Ne5 40. Kd2 b6 41. Bxe5 Bxe5 42. Bc6 Kc8 43. Kd3 Kd8 44. Ke4 1/2-1/2

[Event "GER-chT U14 Girls"]
[Site "Magdeburg"]
[Date "2013.12.27"]
[Round "1.3"]
[White "Flach, Helene"]
[Black "Fromm, Katja"]
[Result "1-0"]
[WhiteElo "1323"]
[BlackElo "1487"]
[PlyCount "107"]
[EventDate "2013.12.27"]
[EventType "team-swiss"]
[EventRounds "4"]
[EventCountry "GER"]
[SourceTitle "EXT 2015"]
[Source "ChessBase"]
[SourceDate "2014.11.20"]
[SourceVersion "1"]
[SourceVersionDate "2014.11.20"]
[SourceQuality "1"]
[WhiteTeam "Langen"]
[BlackTeam "Wilkau Hasslau Muldental"]
[WhiteTeamCountry "GER"]
[BlackTeamCountry "GER"]

1. e4 c5 2. Nf3 Nc6 3. d4 cxd4 4. Nxd4 Nf6 5. Nc3 e5 6. Ndb5 d6 7. Bg5 a6 8. Na3 b5 9. Nd5 Be7 10. Bxf6 Bxf6 11. c4 Qa5+ 12. Qd2 Qxd2+ 13. Kxd2 0-0 14. cxb5 axb5 15. Nxb5 Rd8 16. Bd3 Bg5+ 17. Ke2 Be6 18. Nbc3 Ne7 19. Bc4 Nxd5 20. Bxd5 Rab8 21. Rab1 Rb4 22. a3 Rd4 23. Rhd1 Rxd1 24. Rxd1 Be7 25. f3 h5 26. g3 g5 27. Ke3 Rb8 28. Rb1 Rb3 29. Bxb3 Bxb3 30. a4 Bd8 31. Ra1 Bb6+ 32. Ke2 Ba5 33. Nb5 d5 34. exd5 Bxd5 35. Rd1 Bb3 36. Ra1 Kg7 37. Ke3 f6 38. Ra3 Bc4 39. Nd6 Be6 40. Ra1 Bb3 41. Nb7 Bb6+ 42. Ke2 Bd4 43. a5 Bxb2 44. Rb1 Bc4+ 45. Kd2 Bd4 46. Nd6 Be6 47. a6 Kg6 48. Rb7 Bd5 49. Rb1 Bxf3 50. Nb5 Be4 51. Rb4 Bc6 52. Nxd4 exd4 53. Rxd4 g4 54. a7 1-0

[Event "GER-ch U12"]
[Site "Oberhof"]
[Date "2013.05.24"]
[Round "10"]
[White "Wiesner, Alexander"]
[Black "Fromm, Katja"]
[Result "1-0"]
[WhiteElo "1658"]
[BlackElo "1546"]
[PlyCount "53"]
[EventDate "2013.05.19"]
[EventType "swiss"]
[EventRounds "11"]
[EventCountry "GER"]
[SourceTitle "CBM 154 Extra"]
[Source "ChessBase"]
[SourceDate "2013.06.25"]
[SourceVersion "2"]
[SourceVersionDate "2013.06.25"]
[SourceQuality "1"]

1. f4 d5 2. b3 Qd6 3. e3 e5 4. fxe5 Qxe5 5. Nc3 c6 6. Nf3 Qc7 7. Bb2 Bd6 8. Nxd5 cxd5 9. Bxg7 f6 10. Bxh8 Bg4 11. c4 d4 12. exd4 Nc6 13. c5 Bf4 14. Bc4 0-0-0 15. Bxg8 Rxg8 16. Bxf6 Re8+ 17. Kf2 Qf7 18. Bh4 Qh5 19. Bg3 Bg5 20. h3 Bxf3 21. Qxf3 Qh6 22. Qg4+ Kd8 23. Rae1 Rf8+ 24. Kg1 Bxd2 25. Re6 Be3+ 26. Kh2 Qg5 27. Bh4 1-0

[Event "GER-ch U12"]
[Site "Oberhof"]
[Date "2013.05.22"]
[Round "6"]
[White "Fromm, Katja"]
[Black "Wong, Gengchun"]
[Result "0-1"]
[WhiteElo "1546"]
[BlackElo "1654"]
[PlyCount "48"]
[EventDate "2013.05.19"]
[EventType "swiss"]
[EventRounds "11"]
[EventCountry "GER"]
[SourceTitle "CBM 154 Extra"]
[Source "ChessBase"]
[SourceDate "2013.06.25"]
[SourceVersion "2"]
[SourceVersionDate "2013.06.25"]
[SourceQuality "1"]

1. d4 Nf6 2. c4 g6 3. Nc3 d5 4. Nf3 Bg7 5. Bg5 Ne4 6. e3 0-0 7. Bd3 Nxg5 8. Nxg5 e5 9. Nh3 exd4 10. exd4 Re8+ 11. Be2 dxc4 12. d5 Qh4 13. Ng1 Bg4 14. g3 Bxe2 15. Ngxe2 Bxc3+ 16. bxc3 Qe4 17. Rf1 Qd3 18. Rc1 Nd7 19. f4 Nf6 20. Kf2 Ng4+ 21. Ke1 Nxh2 22. Rf2 Qxg3 23. Qd4 Nf3+ 24. Kd1 Rxe2 0-1

[Event "GER-ch U12"]
[Site "Oberhof"]
[Date "2013.05.20"]
[Round "4"]
[White "Fromm, Katja"]
[Black "Renger, Niklas"]
[Result "0-1"]
[WhiteElo "1546"]
[BlackElo "1815"]
[PlyCount "86"]
[EventDate "2013.05.19"]
[EventType "swiss"]
[EventRounds "11"]
[EventCountry "GER"]
[SourceTitle "CBM 154 Extra"]
[Source "ChessBase"]
[SourceDate "2013.06.25"]
[SourceVersion "2"]
[SourceVersionDate "2013.06.25"]
[SourceQuality "1"]

1. d4 Nf6 2. c4 c5 3. dxc5 e6 4. Nc3 Bxc5 5. Bg5 0-0 6. e3 Nc6 7. Nf3 h6 8. Bh4 b6 9. Ne4 Be7 10. Nxf6+ Bxf6 11. Bxf6 Qxf6 12. Qd2 Rd8 13. a3 Bb7 14. Rd1 d5 15. Qc3 Qxc3+ 16. bxc3 Na5 17. cxd5 Bxd5 18. Be2 Rac8 19. 0-0 Bc4 20. Bxc4 Nxc4 21. a4 Rxd1 22. Rxd1 Nb2 23. Rd7 Rxc3 24. g3 a5 25. Ne5 Nxa4 26. Rd8+ Kh7 27. Nxf7 Rc5 28. h4 Rf5 29. Rh8+ Kg6 30. Nd6 Rd5 31. Ne4 b5 32. g4 b4 33. Rf8 Nc5 34. h5+ Kh7 35. Ng3 b3 36. e4 Rd1+ 37. Kg2 b2 38. f4 b1Q 39. g5 hxg5 40. fxg5 Rg1+ 41. Kh2 Rxg3 42. Kxg3 Nxe4+ 43. Kg4 Qg1+ 0-1

[Event "Sachsen-ch U12 Girls"]
[Site "Sebnitz"]
[Date "2013.04.05"]
[Round "5"]
[White "Zeckel, Carolin"]
[Black "Fromm, Katja"]
[Result "0-1"]
[WhiteElo "1002"]
[BlackElo "1447"]
[PlyCount "64"]
[EventDate "2013.04.02"]
[EventType "swiss"]
[EventRounds "7"]
[EventCountry "GER"]
[SourceTitle "EXT 2014"]
[Source "ChessBase"]
[SourceDate "2013.11.20"]
[SourceVersion "1"]
[SourceVersionDate "2013.11.20"]
[SourceQuality "1"]

1. e4 c6 2. d4 d5 3. e5 Bf5 4. Nf3 e6 5. Be2 h6 6. Nc3 c5 7. Be3 c4 8. a3 Nc6 9. Qd2 a6 10. 0-0 Nge7 11. Rac1 b5 12. b4 Nc8 13. Ra1 Nb6 14. Rfb1 Kd7 15. h3 Be7 16. Bf4 g5 17. Bg3 h5 18. Bh2 Qg8 19. Ne1 g4 20. hxg4 hxg4 21. Qf4 Qh7 22. Bd1 Rag8 23. Qg3 Qh6 24. Ne2 Rg7 25. f3 gxf3 26. Qxf3 Qxh2+ 27. Kf1 Be4 28. Qf2 Rhg8 29. Nf4 Bh4 30. Qg1 Qxf4+ 31. Nf3 Bxf3 32. Bxf3 Nxd4 0-1

[Event "GER-ch U12"]
[Site "Oberhof"]
[Date "2012.05.29"]
[Round "5"]
[White "Fromm, Katja"]
[Black "Spitzl, Vinzent"]
[Result "1/2-1/2"]
[WhiteElo "1367"]
[BlackElo "1632"]
[PlyCount "129"]
[EventDate "2012.05.27"]
[EventType "swiss"]
[EventRounds "11"]
[EventCountry "GER"]
[SourceTitle "CBM 148 Extra"]
[Source "ChessBase"]
[SourceDate "2012.06.22"]
[SourceVersion "1"]
[SourceVersionDate "2012.06.22"]
[SourceQuality "1"]

1. d4 d5 2. c4 e6 3. Nc3 c6 4. Nf3 Nf6 5. Bg5 h6 6. Bh4 dxc4 7. a4 Bb4 8. Bxf6 Qxf6 9. e3 b5 10. Be2 Bb7 11. 0-0 a6 12. Qc2 0-0 13. b3 cxb3 14. Qxb3 Bxc3 15. Qxc3 Nd7 16. Rfc1 Rfc8 17. Nd2 Qe7 18. Ne4 b4 19. Qc4 a5 20. Nc5 Nxc5 21. Qxc5 Qxc5 22. Rxc5 Kf8 23. Rac1 Ke7 24. e4 Rd8 25. d5 Ba6 26. Bxa6 Rxa6 27. dxc6 Rc8 28. e5 f6 29. f4 fxe5 30. fxe5 b3 31. c7 Ra7 32. Rb1 Rcxc7 33. Rxc7+ Rxc7 34. Rxb3 Rc5 35. Rb7+ Kf8 36. Rb8+ Kf7 37. Rb7+ Kg6 38. Rb5 Rd5 39. h3 Kf5 40. g4+ Kxe5 41. Rb7 Kf6 42. Ra7 g6 43. Ra6 Re5 44. Kf2 h5 45. Kf3 Rc5 46. gxh5 Rxh5 47. Kg3 Rc5 48. Kf2 Kf5 49. Kf3 e5 50. Ra8 Rc3+ 51. Kg2 Kf4 52. Rxa5 e4 53. Ra8 Rc2+ 54. Kf1 Ke3 55. a5 Rc1+ 56. Kg2 Ke2 57. a6 e3 58. a7 Ra1 59. Kh2 Ke1 60. Kg2 e2 61. Kh2 g5 62. Kg2 Ra4 63. Kh2 Kd1 64. Rd8+ Kc2 65. Re8 1/2-1/2

[Event "GER-ch U12"]
[Site "Oberhof"]
[Date "2012.05.28"]
[Round "4"]
[White "Ter Stal, Esther"]
[Black "Fromm, Katja"]
[Result "0-1"]
[WhiteElo "984"]
[BlackElo "1367"]
[PlyCount "60"]
[EventDate "2012.05.27"]
[EventType "swiss"]
[EventRounds "11"]
[EventCountry "GER"]
[SourceTitle "CBM 148 Extra"]
[Source "ChessBase"]
[SourceDate "2012.06.22"]
[SourceVersion "1"]
[SourceVersionDate "2012.06.22"]
[SourceQuality "1"]

1. d4 Nf6 2. Nf3 e6 3. Nbd2 b6 4. e4 Bb7 5. Bd3 d5 6. e5 Nfd7 7. 0-0 c5 8. c3 Nc6 9. Re1 c4 10. Bb1 g6 11. Nf1 Bg7 12. Ng3 0-0 13. Bd2 b5 14. Qc1 a5 15. Bh6 b4 16. Bxg7 Kxg7 17. Qf4 a4 18. Bc2 a3 19. Rab1 bxc3 20. bxc3 Bc8 21. Rb5 Ba6 22. Rbb1 Qa5 23. Qd2 Rab8 24. Rxb8 Rxb8 25. Rb1 Rb2 26. Rxb2 axb2 27. Bb1 Qb5 28. Nh5+ gxh5 29. Qg5+ Kf8 30. Qd8+ Nxd8 0-1

[Event "GER-ch U12"]
[Site "Oberhof"]
[Date "2012.05.27"]
[Round "1"]
[White "Fromm, Katja"]
[Black "Nothnagel, Marian Can"]
[Result "1/2-1/2"]
[WhiteElo "1367"]
[BlackElo "1732"]
[PlyCount "84"]
[EventDate "2012.05.27"]
[EventType "swiss"]
[EventRounds "11"]
[EventCountry "GER"]
[SourceTitle "CBM 148 Extra"]
[Source "ChessBase"]
[SourceDate "2012.06.22"]
[SourceVersion "1"]
[SourceVersionDate "2012.06.22"]
[SourceQuality "1"]

1. d4 Nf6 2. c4 g6 3. Nc3 Bg7 4. Nf3 d6 5. Bg5 0-0 6. e3 h6 7. Bh4 Nbd7 8. Be2 c5 9. 0-0 a6 10. h3 Qc7 11. Bg3 b6 12. a3 Bb7 13. b4 Ne4 14. Nxe4 Bxe4 15. Ra2 Nf6 16. Bh2 Rfc8 17. bxc5 bxc5 18. Nd2 Bf5 19. Nb3 cxd4 20. Nxd4 Bd7 21. Qc2 e5 22. Nb3 Bf5 23. Qc1 Rab8 24. Nd2 Nd7 25. Rd1 Nc5 26. g4 Be6 27. Rb2 Rxb2 28. Qxb2 Rb8 29. Qc2 Bd7 30. Rb1 Ba4 31. Qc1 Rb6 32. Bf3 Nd3 33. Qf1 Bc2 34. Rxb6 Qxb6 35. Be4 Qa5 36. Nb1 Qe1 37. Qxe1 Nxe1 38. Bxc2 Nxc2 39. Kf1 Na1 40. Nd2 Kf8 41. Ke2 Ke7 42. Kd1 f5 1/2-1/2

[Event "Sachsen-ch U12 Girls"]
[Site "Sebnitz"]
[Date "2012.04.13"]
[Round "6"]
[White "Hagenbeck Huebert, Lara"]
[Black "Fromm, Katja"]
[Result "1-0"]
[WhiteElo "1146"]
[BlackElo "1454"]
[PlyCount "68"]
[EventDate "2012.04.10"]
[EventType "swiss"]
[EventRounds "7"]
[EventCountry "GER"]
[SourceTitle "CBM 148 Extra"]
[Source "ChessBase"]
[SourceDate "2012.06.22"]
[SourceVersion "1"]
[SourceVersionDate "2012.06.22"]
[SourceQuality "1"]

1. e4 c6 2. d4 d5 3. exd5 cxd5 4. Bd3 Nc6 5. c3 Nf6 6. Bf4 Bg4 7. Nf3 e6 8. Nbd2 Bd6 9. Bxd6 Qxd6 10. Qc2 0-0 11. 0-0 Rac8 12. Qb1 h6 13. h3 Bxf3 14. Nxf3 a6 15. Kh1 b5 16. Re1 Nd7 17. a4 Rb8 18. g4 Qf4 19. Kg2 Nf6 20. Qc1 Qxc1 21. Rexc1 Rfc8 22. g5 Nh5 23. Bc2 b4 24. Re1 hxg5 25. Nxg5 Nf6 26. Bd3 a5 27. f4 bxc3 28. bxc3 Ne7 29. Rac1 Rb2+ 30. Kf1 Nh5 31. f5 Ng3+ 32. Kg1 Nexf5 33. Rb1 Rxb1 34. Rxb1 f6 1-0

[Event "Sachsen-ch U12 Girls"]
[Site "Sebnitz"]
[Date "2012.04.11"]
[Round "2"]
[White "Arnhold, Steffi"]
[Black "Fromm, Katja"]
[Result "0-1"]
[WhiteElo "1172"]
[BlackElo "1454"]
[PlyCount "94"]
[EventDate "2012.04.10"]
[EventType "swiss"]
[EventRounds "7"]
[EventCountry "GER"]
[SourceTitle "CBM 148 Extra"]
[Source "ChessBase"]
[SourceDate "2012.06.22"]
[SourceVersion "1"]
[SourceVersionDate "2012.06.22"]
[SourceQuality "1"]

1. e4 c6 2. d4 d5 3. Nc3 dxe4 4. Nxe4 Bf5 5. Ng3 Bg6 6. Nf3 h6 7. Bd3 Bxd3 8. Qxd3 e6 9. Be3 Nf6 10. 0-0 Be7 11. c4 0-0 12. a3 Nbd7 13. b4 Rc8 14. Rfe1 a6 15. Ne4 Nxe4 16. Qxe4 Nf6 17. Qd3 b5 18. c5 Nd5 19. Reb1 Bf6 20. a4 Ra8 21. axb5 axb5 22. Ra3 Rxa3 23. Qxa3 Qa8 24. Qa5 Qxa5 25. bxa5 Nc3 26. Ra1 Na4 27. Kf1 Nxc5 28. Ne5 Bxe5 29. dxe5 Na4 30. Rc1 Rc8 31. a6 Kf8 32. Ke2 Ke8 33. Rd1 Nc3+ 34. Ke1 Nxd1 35. Kxd1 c5 36. Kc2 Kd7 37. Kd3 Kc6 38. Ke4 Ra8 39. f4 Rxa6 40. f5 b4 41. f6 g6 42. Bxh6 b3 43. Bc1 c4 44. Kf4 c3 45. Kg5 b2 46. Bxb2 cxb2 47. Kh6 b1Q 0-1

[Event "GER-ch U10"]
[Site "Oberhof"]
[Date "2011.06.18"]
[Round "11"]
[White "Cejda, Cecilia"]
[Black "Fromm, Katja"]
[Result "0-1"]
[WhiteElo "1130"]
[BlackElo "1401"]
[PlyCount "36"]
[EventDate "2011.06.11"]
[EventType "swiss"]
[EventRounds "11"]
[EventCountry "GER"]
[SourceTitle "CBM 142 Extra"]
[Source "ChessBase"]
[SourceDate "2011.06.27"]
[SourceVersion "1"]
[SourceVersionDate "2011.06.27"]
[SourceQuality "1"]

1. e4 d5 2. exd5 Qxd5 3. Nc3 Qa5 4. Nf3 Nf6 5. d4 c6 6. Bg5 Ne4 7. Bd2 Nxd2 8. Qxd2 Bf5 9. d5 e6 10. dxc6 Nxc6 11. 0-0-0 Rd8 12. Qe1 Rxd1+ 13. Nxd1 Qxa2 14. Nh4 Qa1+ 15. Kd2 Qa5+ 16. c3 Qd8+ 17. Bd3 Qxd3+ 18. Kc1 Qc2# 0-1

[Event "GER-ch U10"]
[Site "Oberhof"]
[Date "2011.06.17"]
[Round "9"]
[White "Adler, Jakob"]
[Black "Fromm, Katja"]
[Result "1-0"]
[WhiteElo "1111"]
[BlackElo "1401"]
[PlyCount "107"]
[EventDate "2011.06.11"]
[EventType "swiss"]
[EventRounds "11"]
[EventCountry "GER"]
[SourceTitle "CBM 142 Extra"]
[Source "ChessBase"]
[SourceDate "2011.06.27"]
[SourceVersion "1"]
[SourceVersionDate "2011.06.27"]
[SourceQuality "1"]

1. e4 e6 2. Nc3 d5 3. f4 dxe4 4. Nxe4 Nd7 5. Nf3 Ngf6 6. Nf2 g6 7. g3 Bg7 8. Bg2 0-0 9. 0-0 h6 10. d4 c6 11. c3 Qe7 12. Qe2 Re8 13. Re1 Rb8 14. Nd3 Nd5 15. Bd2 b5 16. a3 c5 17. Nfe5 Bxe5 18. fxe5 Kg7 19. b4 cxd4 20. cxd4 Bb7 21. Bxd5 Bxd5 22. Qe3 g5 23. Rf1 Rf8 24. Nc5 Nxc5 25. bxc5 Qc7 26. h4 Rg8 27. hxg5 hxg5 28. Qxg5+ Kf8 29. Qh6+ Ke8 30. Be1 Rb7 31. Qh5 Rf8 32. Bb4 a5 33. c6 axb4 34. cxb7 Qxb7 35. axb4 Qc7 36. Ra5 Qb6 37. Qh4 Qc7 38. Rxb5 Qa7 39. Rc1 Qa8 40. Rbc5 Bb7 41. Rc7 Qd8 42. Qxd8+ Kxd8 43. Rxb7 Re8 44. Rb8+ Kd7 45. Rxe8 Kxe8 46. b5 Ke7 47. b6 f6 48. b7 fxe5 49. dxe5 Kf7 50. b8Q Kg6 51. Qg8+ Kf5 52. Qf7+ Kxe5 53. Rd1 Ke4 54. Qf4# 1-0

[Event "GER-ch U10"]
[Site "Oberhof"]
[Date "2011.06.17"]
[Round "10"]
[White "Fromm, Katja"]
[Black "Santos, Leonardo"]
[Result "1-0"]
[WhiteElo "1401"]
[BlackElo "1100"]
[PlyCount "143"]
[EventDate "2011.06.11"]
[EventType "swiss"]
[EventRounds "11"]
[EventCountry "GER"]
[SourceTitle "CBM 142 Extra"]
[Source "ChessBase"]
[SourceDate "2011.06.27"]
[SourceVersion "1"]
[SourceVersionDate "2011.06.27"]
[SourceQuality "1"]

1. d4 d5 2. c4 e6 3. Nc3 Nf6 4. Bg5 Nbd7 5. e3 Be7 6. Nf3 0-0 7. Be2 b6 8. 0-0 Bb7 9. Rc1 c5 10. cxd5 exd5 11. Qd2 h6 12. Bh4 Rc8 13. Bg3 Re8 14. Rc2 a6 15. Rfc1 Nf8 16. Qd1 Bd6 17. Bxd6 Qxd6 18. h3 Ng6 19. Bd3 Ne4 20. Ne2 Rc7 21. Bxe4 dxe4 22. Nd2 Rec8 23. Nb3 c4 24. Nd2 b5 25. b3 Bd5 26. bxc4 bxc4 27. Nc3 Qd7 28. Ndxe4 Bxe4 29. Nxe4 Qd5 30. Nc5 Nh4 31. Qg4 g5 32. Qe4 Rxc5 33. Qxd5 Rxd5 34. g3 Ng6 35. Rxc4 Rxc4 36. Rxc4 f5 37. Rc6 Kf7 38. Rxa6 f4 39. a4 fxe3 40. fxe3 Nf8 41. a5 Ke7 42. Ra7+ Nd7 43. Ra6 Nb8 44. Rxh6 Rxa5 45. Kf2 Nd7 46. Kf3 Nf6 47. Rh8 Rf5+ 48. Ke2 Ne4 49. g4 Ng3+ 50. Kd3 Ra5 51. h4 Kf6 52. h5 Kg7 53. Rc8 Ra6 54. d5 Rd6 55. e4 Rh6 56. e5 Kf7 57. Rc7+ Ke8 58. Rg7 Kf8 59. Rxg5 Kf7 60. e6+ Ke7 61. Rg7+ Kf8 62. Rf7+ Ke8 63. Kd4 Kd8 64. Ke5 Ke8 65. d6 Ne2 66. d7+ Kd8 67. Rf8+ Kc7 68. d8Q+ Kc6 69. Qd5+ Kc7 70. Rf7+ Kb6 71. Rb7+ Ka6 72. Qb5# 1-0